LEADER 01160nam a2200253 u 4500 001 000000083834 003 CaOOAMICUS 005 20070226124020.0 008 050527s1954 fr u000 u fre u 035 $a11047334 040 $aPUL(R)$bita 041 1 $afre$hgrc 100 0 $aTheodoretus,$cvesc. di Ciro,$dc. 393-458.$0(OLS)http://pul/name/8936 240 10$aDe providentia$9(Theodoretus, vesc. di Ciro, c. 393-458).$lFrancese.$0(OLS)http://pul/title/109172 245 10$aDiscours sur la providence /$cThéodoret de Cyr ; traduction, avec introduction et notes par Yvan Azéma. 260 $aParis :$bLes Belles Lettres,$c1954. 300 $a349 p. ;$c24 cm 500 $aSul front. : Ouvrage publié avec le concours du Centre National de la Recherche Scintifique. 700 1 $aAzéma, Yvan.$0(OLS)http://pul/name/12589 850 $aPUL 852 $aPUL$W1$xDP1 Fondo Cecchetti$y53$m267 E 54$j106677$nBK-PRI$b $qFondi$B106677$CPULBib$Z2$F106677 $H $81 941 1 $a1 996 $6245$aDiscours sur la providence$9(OLS)http://pul/title/109173 996 $6260$aParis :$bLes Belles Lettres$9(OLS)http://pul/publisher/48357 LEADER 02767nam a2200469 a 4500 001 000000125585 003 CaOOAMICUS 005 20110608135939.0 008 110608s2011 it u000 u ita r 040 $aPUL$bita 082 04$a344.45 245 03$aLa nuova sicurezza sul lavoro :$bcommento al d.lgs. 9 aprile 2008, n. 81 e successive modifiche /$cdiretto da Luigi Montuschi. 260 $aBologna :$bZanichelli,$c©2011. 300 $a2 v. ;$c25 cm. 490 1 $aRiforme del diritto italiano ;$v15 500 $aContiene indice analitico. 500 $aInclude bibliografia e indici in ogni vol. 505 0 $aV. 1. Principi comuni / a cura di Carlo Zoli ; con la collaborazione di Emilio Balletti, ... [et al.]. -- v. 2. Gestione della prevenzione / a cura di Patrizia Tullini ; con la collaborazione di Marina Barbiroli, ... [et al.]. -- v. 3. Norme penali e processuali / a cura di Gaetano Insolera ; con la collaborazione di Roberto Acquaroli ... [et al.] 650 4$aSicurezza sul lavoro$zItalia$xLegislazione.$0(OLS)http://pul/subject/37707 700 1 $aMontuschi, Luigi.$0(OLS)http://pul/name/79536 700 1 $aTullini, Patrizia.$0(OLS)http://pul/name/78627 700 1 $aBarbiroli, Marina.$0(OLS)http://pul/name/79537 700 1 $aZoli, Carlo.$0(OLS)http://pul/name/32612 700 1 $aBalletti, Emilio.$0(OLS)http://pul/name/79538 700 1 $aInsolera, Gaetano.$0(OLS)http://pul/name/79557 700 1 $aAcquaroli, Roberto.$0(OLS)http://pul/name/79558 740 02$aPrincipi comuni. 740 02$aGestione della prevenzione. 740 02$aNorme penali e processuali. 830 3$aLe riforme del diritto italiano (Zanichelli) ;$v15.$0(OLS)http://pul/title/138577 850 $aPUL 852 $aPUL$W1$xSL Diritto e Scienze Sociali 3$y79$m344. 45 MONLU 1.1$j144662$av. 1$qDDC 21$B143679$CPULBib$Z2$F143679 $H117294 $82 852 $aPUL$W1$xSL Diritto e Scienze Sociali 3$y79$m344. 45 MONLU 1.2$j144663$av. 2$qDDC 21$B143680$CPULBib$Z2$F143680 $H117295 $82 852 $aPUL$W1$xSL Diritto e Scienze Sociali 3$y79$m344. 45 MONLU 1.3$j144697$av. 3$qDDC 21$B143714$CPULBib$Z2$F143714 $H117296 $82 941 1 $a9 996 $6082$a344.45$9(OLS)http://pul/classification/416 996 $6245$aLa nuova sicurezza sul lavoro :$bcommento al d.lgs. 9 aprile 2008, n. 81 e successive modifiche$9(OLS)http://pul/title/158360 996 $6740$aPrincipi comuni$9(OLS)http://pul/title/158361 996 $6740$aGestione della prevenzione$9(OLS)http://pul/title/158362 996 $6740$aNorme penali e processuali$9(OLS)http://pul/title/158404 996 $6260$aBologna :$bZanichelli$9(OLS)http://pul/publisher/48255